Quiz o PKM Jaworzno -Część 1 - Statystyki

Ogólne statystyki
  • Ten quiz został rozwiązany 35 razy
  • Średni wynik to 12 z 15
Statystyki odpowiedzi
Pytanie Odpowiedż % Poprawnych
Ile jest lini nocnych 1
100%
ile jest lini które jadą TYLKO w soboty,niedziele i święta 1
100%
ile jest lini które są oznaczone literą 4
100%
Czy istnieje przystanek" Jaworzno Centrum logistyczno-Handlowe" Nie
100%
Czy istnieje linia "304" Tak
100%
ile jest lini w PKM Jaworzno które obsługują przystanek "Byczyna Pętla" 2
96%
Linia która jedzie z Katowice Aleja Korfantego na Krakowska Pętla J
88%
Jaka jest linia która jeżdżi tylko w nocy? (Linia Nocna) N1
83%
Linia która jeżdżi przez Sosnowiec S
83%
Linia która jedzie z przystanku "Szczakowa Bukowska Pętla/Szczakowa dworzec PKP" do Centrum 307
75%
Skąd jedzie linia 370 w kierunku Wysoki brzeg i Osiedle Stałe Krakowska Pętla
71%
Ile jest lini w PKM Jaworzno? 25
67%
Jakie linie przejeżdżają przez Chrzanów 319,A
63%
Linia która obsługuje przystanek "Byczyna Dom Kultury" 350
63%
Jaka linia jedzie z "Jaworzno Centrum" do "Chrzanów Park" Żadna
17%
Nie znaleziono quizów pasujących do podanych kryteriów
Rozkład punktacji
Procent ludzi z każdym wynikiem
Percentyl według liczby udzielonych odpowiedzi
Twoja historia wyników
Nie rozwiązałeś tego quizu